Statistiche per Paesi Casuali sulla Mappa dell'Europa

Clicka qui per fare il quiz!

Statistiche generali

  • Questo quiz è stato fatto 14.354 volte
  • Il punteggio medio è 13 su 15

Risposte nella Mappa

Le risposte nella mappa del quiz sottostante sono codificate secondo una scala di colori dal rosso al verde in base alla % di persone che hanno risposto correttamente.
 

Statistiche sulle risposte

Paese% Corretto
Francia
99%
Germania
99%
Italia
99%
Spagna
98%
Irlanda
97%
Norvegia
97%
Portogallo
97%
Regno Unito
97%
Grecia
96%
Russia
96%
Svezia
96%
Svizzera
96%
Austria
94%
Belgio
94%
Finlandia
94%
Polonia
94%
Città del Vaticano
93%
Islanda
93%
Paesi Bassi
93%
Croazia
92%
Danimarca
92%
San Marino
92%
Albania
91%
Estonia
91%
Lettonia
91%
Ucraina
91%
Bielorussia
90%
Lituania
90%
Malta
90%
Andorra
89%
Monaco
89%
Slovenia
88%
Lussemburgo
87%
Romania
87%
Repubblica Ceca
84%
Kosovo
82%
Bosnia ed Erzegovina
81%
Macedonia del Nord
81%
Montenegro
80%
Bulgaria
78%
Serbia
77%
Ungheria
77%
Moldavia
75%
Slovacchia
75%
Liechtenstein
73%

Distribuzione punteggi

Percentile per numero di risposta

Percentuale di utenti per punteggio

I tuoi punteggi nel tempo

Non hai fatto questo quiz